00280nam a2200121Ia 4500008004100000041001200041082001100053100001400064245005100078260000600129650000600135700001700141221030s9999 xx 000 0 und d aEnglish a105.23 aR. Mittal 0aElectronic Devicescby R. Mittal, G. K. Mithal c0 aB aG. K. Mithal